000 00990cam a22003131 4500
001 29239
003 BD-RjUL
005 20211209051404.0
008 140402s1931 nyuafk b 001 0 eng
035 _a(BD-RjUL)29324
035 _a(OCoLC)2660699
040 _aDLC
_cIDeKN
_dOCoLC
_dDLC
_dBD-RjUL
_beng
041 _aeng
082 _a137
_bSYD 1931
100 1 _aSymonds, Percival Mallon,
_d1893-1960.
_989258
245 1 0 _aDiagnosing personality and conduct /
_cby Percival M. Symonds ...
260 _aNew York ;
_aLondon :
_bThe Century co.,
_cc1931.
300 _axvi, 602 p. :
_bill. ;
_c23 cm.
490 0 _aThe Century psychology series
504 _a"References" at end of most of the chapters; Bibliography: p. 571-572.
504 _aIncludes index.
650 0 _aCharacter tests.
_989259
650 0 _aPsychology.
_989260
650 0 _aEducational psychology.
_989261
650 0 _aEvidence.
_989262
942 _2ddc
_cBK
999 _c29239
_d29239